Music Quiz

Random Music or Bands Quiz

Lead Singer Swap Quiz Stats

 Plays Quiz Updated Jan 26, 2018

Also try: Band Mates
Challenge
Share
Tweet
Embed
Score 0/20 Timer 05:00
1 Play Today
New Vocalist Band % Correct
Paul RodgersQueen
94.6%
Ronnie James DioBlack Sabbath
89.8%
Phil CollinsGenesis
88.4%
Sammy HagarVan Halen
82.4%
Jean TerrellThe Supremes
75.8%
Brian JohnsonAC/DC
73.7%
David GilmourPink Floyd
71.2%
Steve AugeriJourney
65.2%
J.D. FortuneINXS
60.1%
John CorabiMötley Crüe
53.9%
New Vocalist Band % Correct
Johnny Van ZantLynyrd Skynyrd
49.8%
Bruce DickinsonIron Maiden
47.5%
Tim 'Ripper' OwensJudas Priest
45.4%
Mary Ramsey10,000 Maniacs
39.1%
Lawrence GowanStyx
38.1%
William DuVallAlice In Chains
36.6%
Kelly HansenForeigner
32.2%
Ian GillanDeep Purple
31.9%
Benoit DavidYes
29.2%
Mike PattonFaith No More
22.2%

You're not logged in!

Compare scores with friends on all Sporcle quizzes.
OR
Log In

You Might Also Like...

Show Comments

Extras

Top Quizzes Today


Score Distribution

Your Account Isn't Verified!

In order to create a playlist on Sporcle, you need to verify the email address you used during registration. Go to your Sporcle Settings to finish the process.

Report this User

Report this user for behavior that violates our Community Guidelines.

Details: